000 00868cam a22002653a 4500
001 18013
003 PGUSA
005 20140828083401.0
008 060318s2006||||xxu|||||s|||||000 | eng d
040 _aPGUSA
_beng
042 _adc
050 4 _aE011
100 1 _aSchellhas, Paul,
_d1854-1945
245 1 0 _aRepresentation of Deities of the Maya Manuscripts :
_bPapers of the Peabody Museum of American Archaeology and Ethnology, Harvard University, Vol. 4, No. 1
_h[electronic resource] /
_cPaul Schellhas
260 _bProject Gutenberg,
_c2006
506 _aPublic domain in the USA.
516 _aElectronic text
653 _aManuscripts, Maya
653 _aMayas -- Antiquities
700 1 _aParker, Alberta M.
700 1 _aWesselhoeft, Selma
830 0 _aProject Gutenberg
_v18013
856 4 0 _uhttp://www.gutenberg.org/ebooks/18013
942 _cEB
999 _c247268
_d247268